header

Seventh Annual Symposium on Frontiers of Engineering (Record no. 57483)

MARC details
000 -LEADER
fixed length control field 01528nam a2200349 a 4500
082 04 - DEWEY DECIMAL CLASSIFICATION NUMBER
Classification number 620
245 10 - TITLE STATEMENT
Title Seventh Annual Symposium on Frontiers of Engineering
260 ## - PUBLICATION, DISTRIBUTION, ETC. (IMPRINT)
Place of publication Washington, D.C. :
Name of publisher National Academy Press,
Year of publication 2002.
300 ## - PHYSICAL DESCRIPTION
Number of Pages x, 127 p. :
Other physical details ill.
490 1# - SERIES STATEMENT
Series statement Compass series
500 ## - GENERAL NOTE
General note "Reports on leading-edge engineering from the March 2002 NAE Symposium on Frontiers of Engineering"--Cover.
650 #0 - SUBJECT ADDED ENTRY--TOPICAL TERM
Topical Term Engineering
Topical Term Engineering
856 40 - ELECTRONIC LOCATION AND ACCESS
Uniform Resource Identifier http://site.ebrary.com/lib/rucke/Doc?id=10038538

No items available.

© 2026 Rongo University
Contact us: librarian | system librarian | Rongo university